Modern arms and free men : A discussion of the role of science in preserving democracy

Uloženo v:
Podrobná bibliografie
Hlavní autor: Bush, Vannevar
Médium: Kniha
Jazyk:Undetermined
Vydáno: New York Simon and Schuster 1949
Témata:
Tagy: Přidat tag
Žádné tagy, Buďte první, kdo otaguje tento záznam!
Thư viện lưu trữ: Trung tâm Học liệu Trường Đại học Cần Thơ
LEADER 00614nam a2200205Ia 4500
001 CTU_78209
008 210402s9999 xx 000 0 und d
082 |a 355 
082 |b B978 
100 |a Bush, Vannevar 
245 0 |a Modern arms and free men : 
245 2 |b A discussion of the role of science in preserving democracy 
245 0 |c Vannevar Bush 
260 |a New York 
260 |b Simon and Schuster 
260 |c 1949 
650 |a Military art and science,World politics,Military weapons,War 
650 |y 1945-1955 
904 |i Mai Loan 
980 |a Trung tâm Học liệu Trường Đại học Cần Thơ